| 000 | 00943nam0a22002891 4500 | ||
|---|---|---|---|
| 001 | RU\NLR\INFOCOMM_253\5000014300 | ||
| 005 | 20250613093121.0 | ||
| 035 | _a(NLR Aleph) 009190518 | ||
| 090 |
_a8627484 _c8627484 |
||
| 100 | _a20100402d1976 |||y0rusy50 ca | ||
| 101 | 0 | _aeng | |
| 102 | _aRU | ||
| 105 | _ay ||||000|y | ||
| 200 | 1 |
_aSpin, torsion and the singularity theorems on general relativity _fJ. M. Charap, I. Bloomer |
|
| 210 |
_aДубна _d1976 |
||
| 215 |
_a8 с. _d22 см |
||
| 225 | 1 |
_aСообщения Объединенного института ядерных исследований _vЕ2-10178 |
|
| 320 | _aБиблиогр.: с. 7-8 | ||
| 606 |
_aТеория относительности _2nlr_sh1 |
||
| 686 |
_aВ313.3 _2rubbk |
||
| 700 | 1 |
_aCharap _bJ. M. _4070 |
|
| 701 | 1 |
_aBloomer _bI. _4070 |
|
| 801 | 1 |
_aRU _bNLR _c20100402 |
|
| 801 | 0 |
_aRU _bNLR _gPSBO |
|
| 852 |
_aNLR _jП11/2061 |
||
| 942 | _cBOOK | ||
| 980 | _aNB | ||